Vista normal
Vista MARC
Entrada Personal Name
Número de registros utilizados en: 1
001 - CONTROL NUMBER
- control field: 8620
003 - CONTROL NUMBER IDENTIFIER
- control field: DLC
005 - DATE AND TIME OF LATEST TRANSACTION
- control field: 20210527123504.0
008 - FIXED-LENGTH DATA ELEMENTS
- fixed length control field: 921214n| acannaab| |n aaa c
010 ## - LIBRARY OF CONGRESS CONTROL NUMBER
- LC control number: no 92032211
040 ## - CATALOGING SOURCE
- Original cataloging agency: ICU
- Transcribing agency: Mx-PuUPA
- Language of cataloging: spa
- Modifying agency: Mx-PuUPA
- Description conventions: rda
100 10 - HEADING--PERSONAL NAME
- Personal name: Guinle, R. L.,
374 ## - OCCUPATION
- Occupation: Autor
375 ## - GENDER
- Gender: hombre
377 ## - ASSOCIATED LANGUAGE
- Language code: eng
- Language code: spa
670 ## - SOURCE DATA FOUND
- Source citation: Author's A modern Spanish-English & English-Spanish technical &engineering dictionary, 1938:
- Information found: t.p. (R.L. Guinle)
670 ## - SOURCE DATA FOUND
- Source citation: A modern Spanish-English and English-Spanish technical and enginnering Dcictionary, 1969:
- Information found: t.p. (R.L. Guinle) portada
670 ## - SOURCE DATA FOUND
- Source citation: Biblioteca del congreso (Estados Unidos), 17 diciembre 2018:
- Information found: catálogo electrónico
- Uniform Resource Identifier: https://goo.gl/3mSVok